|
|
|
|
| LEADER |
00000nab a2200000 a 4500 |
| 001 |
vtls000300912 |
| 003 |
SK-MaSNL |
| 005 |
20260318133147.0 |
| 008 |
040806c1987 xo 0 hun |
| 015 |
|
|
|a SNBRB19rr/mm-uuuuu
|
| 035 |
|
|
|a CL0311031
|
| 040 |
|
|
|a SNKBUCL
|b slo
|c SNKBUCL
|e AACR2
|
| 041 |
0 |
|
|a slo
|
| 044 |
|
|
|a xo
|c SK
|
| 080 |
|
|
|a 792.2(437=945.11)
|2 1981
|
| 100 |
1 |
|
|a Miklósi, Péter,
|d 1946-
|4 aut
|
| 245 |
1 |
0 |
|a A komikum tojástánca
|c Péter Miklósi
|
| 300 |
|
|
|b Obr. 1.
|
| 600 |
1 |
7 |
|a Batta, György,
|d 1943-
|t Prepeličie vajce?
|2 snkbucl
|9 1238818
|
| 610 |
2 |
7 |
|a Maďarské oblastné divadlo - Magyar Területi Színház
|2 snkbucl
|9 97707
|
| 650 |
0 |
7 |
|a činohry
|2 snkbucl
|9 3325
|
| 650 |
0 |
7 |
|a divadelné inscenácie
|2 snkbucl
|9 3326
|
| 655 |
|
7 |
|a recenzie
|2 snkbucl
|9 21907
|
| 655 |
|
7 |
|a články z novín a časopisov
|2 snkbucl
|9 267496
|
| 773 |
0 |
|
|t A Hét
|g Roč. 32, č. 11 (1987), s. 10-11
|
| 850 |
|
|
|a Slovenská národná knižnica v Martine
|a MTA001
|
| 852 |
|
|
|a SNK
|b KIS3GCP
|
| 999 |
|
|
|c 2191721
|d 2193651
|